000 00324nam a22001337a 4500
008 170908b xxu||||| |||| 00| 0 eng d
020 _a9780470398173
041 _aeng
080 _a91
100 _a42
101 _aGJEO
245 _aINTRODUCING GEOGRAPHIC INFORMATION SYSTEMS WITH SRCGID
_cKENNEDY, M
942 _2udc
_cBK
999 _c26818
_d26818